00860cam a22002291a 4500001001300000003000400013005001700017008004100034010001700075035002000092040005500112042001200167050002700179100004600206245005800252260003300310300001900343490007900362500009100441650003200532830006600564e 22000272 DLC20260227111213.0850423s1921 dcu f000 0 eng c ae 22000272  a(OCoLC)11952092 aLibrary, U.S. Office of EducationcABAUdABAUdDLC apremarc00aL111b.A6 1921, no. 421 aAbel, James F.q(James Frederick),d1878-10aTeacher placement by public agencies /cby J.F. Abel. aWashington :bG.P.O.,c1921. a8 p. ;c23 cm.1 aBulletin / Department of the Interior, Bureau of Education ;v1921, no. 42 a"Advance sheets from the Biennial survey of education in the United States, 1918-1920" 0aTeacher placement agencies. 0aBulletin (United States. Bureau of Education) ;v1921, no. 42